Strana a urýchlenie rozvoja

Bibliographic Details
Format: Article
Language:Slovak
Subjects:

MARC

LEADER 00000nab a2200000 a 4500
001 vtls000248989
003 SK-MaSNL
005 20260305024418.0
008 111130c1986 xo 0 slo
015 |a SNBRB19rr/mm-uuuuu 
035 |a CL0259103 
040 |a SNKBUCL  |b slo  |c SNKBUCL  |e AACR2 
041 0 |a slo 
044 |a xo  |c SK 
080 |a 329.15(437):330.3  |2 1981 
080 |a 330.3  |2 1981 
080 |a 330.3(437)  |2 1981 
245 0 0 |a Strana a urýchlenie rozvoja 
610 7 |a Komunistická strana Československa  |2 snkbucl  |9 32256 
650 0 7 |a národné hospodárstvo  |2 snkbucl  |9 846 
650 0 7 |a hospodárska politika  |2 snkbucl  |9 2279 
650 0 7 |a stratégia urýchlenia  |2 snkbucl  |9 1603180 
655 7 |a články z novín a časopisov  |2 snkbucl  |9 267496 
773 0 |t Pravda  |g Roč. 67, č. 151 (30. 6. 1986), s. 1 
850 |a Slovenská národná knižnica v Martine  |a MTA001 
852 |a SNK  |b KIS3GCP 
958 |a RK 
992 |a RBX 
999 |c 3302372  |d 3304302